Tafheem ul Quran Surah Al Kahf to Surah Alroom (Record no. 592035)
[ view plain ]
| 000 -LEADER | |
|---|---|
| fixed length control field | 00359nam a22001337a 4500 |
| 082 ## - DEWEY DECIMAL CLASSIFICATION NUMBER | |
| Classification number | 297.122521 |
| Author Mark | MOD |
| 100 ## - MAIN ENTRY--PERSONAL NAME | |
| Personal name | Syed Abul Aala Modoudi |
| 245 ## - TITLE STATEMENT | |
| Title | Tafheem ul Quran Surah Al Kahf to Surah Alroom |
| Statement of responsibility, etc. | Syed Abul Aala Modoudi |
| 250 ## - EDITION STATEMENT | |
| Edition statement | Vol-3 |
| 260 ## - PUBLICATION, DISTRIBUTION, ETC. | |
| Place of publication, distribution, etc. | Lahore |
| Name of publisher, distributor, etc. | Services Book Club |
| Date of publication, distribution, etc. | 1987 |
| 300 ## - PHYSICAL DESCRIPTION | |
| Extent | 824p |
| 563 ## - BINDING INFORMATION | |
| Binding note | HB |
| 942 ## - ADDED ENTRY ELEMENTS (KOHA) | |
| Source of classification or shelving scheme | |
| Koha item type | Book |
| Withdrawn status | Lost status | Source of classification or shelving scheme | Materials specified (bound volume or other part) | Damaged status | Not for loan | Permanent Location | Current Location | Shelving location | Date acquired | Source of acquisition | Total Checkouts | Full call number | Barcode | Date last seen | Date last checked out | Price effective from | Koha item type |
|---|---|---|---|---|---|---|---|---|---|---|---|---|---|---|---|---|---|
| Donated by Major Zahid DCE, SEECS-NUST | NUST Law School (NLS) | NUST Law School (NLS) | Reference | 10/25/2022 | Donation | 1 | 297.122521 MOD | CL-D-2116 | 10/22/2024 | 05/29/2024 | 10/25/2022 | Book |
